000 00425nam a22001697a 4500
005 20160519165813.0
008 160519b xxu||||| |||| 00| 0 eng d
020 _a978-0-19-959959-2
041 _aeng
082 _b3327
100 _aAtkirs peter & Paula J. Pe
_9828
245 _aPhysical Chemistry
260 _aNew Delhi
_bOxford University Press
300 _a972
650 _aDIPLOMA ENGINEERING
_9817
942 _cBK
999 _c1137
_d1137